Investigación participativa y praxis rural: nuevos conceptos en educación y desarrollo local
Guardat en:
| Autors principals: | , , |
|---|---|
| Format: | Llibre |
| Idioma: | espanyol |
| Publicat: |
Santiago
CEAAL
1988
|
| Edició: | 2a. ed |
| Matèries: | |
| Etiquetes: |
Afegir etiqueta
Sense etiquetes, Sigues el primer a etiquetar aquest registre!
|
MARC
| LEADER | 00000nam a2200000 a 4500 | ||
|---|---|---|---|
| 001 | UCX1513 | ||
| 003 | CL-VaPUC | ||
| 008 | 900907e19880000CL |||||||||||||||||spa|d | ||
| 082 | 0 | 4 | |a 307.72 |b VIO |2 21 |
| 100 | 0 | |a Vío Grossi, Francisco |e author |9 317019 | |
| 700 | 0 | |a Gianotten, Vera |e author |9 317020 | |
| 700 | 0 | |a Wit, Ton de |e author |9 317021 | |
| 245 | 1 | 0 | |a Investigación participativa y praxis rural: nuevos conceptos en educación y desarrollo local |
| 250 | |a 2a. ed | ||
| 300 | |a 224 p | ||
| 942 | |c BK | ||
| 945 | |d 19900907 00:00:00 | ||
| 260 | |a Santiago |b CEAAL |c 1988 | ||
| 650 | 7 | |a DESARROLLO RURAL |2 CL-VaPUC |9 317022 | |
| 650 | 0 | |a Educación popular |9 308964 | |
| 650 | 0 | |a Participación social |9 256140 | |
| 651 | 0 | |a América Latina |9 255027 | |
| 583 | |a last modification |c 19900907 00:00:00 |k Rodrigo Vera | ||
| 999 | |c 222723 |d 222721 | ||
| 952 | |0 0 |1 0 |4 0 |6 307_720000000000000_VIO_1988 |7 0 |8 A |9 217864 |a BIBGIM |b BIBGIM |d 2019-11-15 |i 2867230 |o 307.72 VIO 1988 |p 2867230 |r 2025-01-15 |w 2019-11-15 |y BK |k SSL | ||